Baking Quiz - Statistics

General Stats
  • This quiz has been taken 211 times
    182 since last reset
  • The average score is 3 of 10
Answer Stats
Hint Answer % Correct
What pastry is often characterized when you go to France? Croissant
77%
What is a popular Italian cake consisting of lady fingers and coffee? Tiramisu
75%
What is unbaked bread often called? Dough
42%
In which country did the baguette originate from? France
42%
S'mores contain what kind of cracker? Graham cracker
39%
A small bread or bread roll is often called a what? Bun
16%
The pattern of criss-crossing strips of pastry on top of food is called a what? Lattice
13%
What cake is made up of agar agar and water that took the internet by storm? Raindrop Cake
8%
Tiger bread contains what type of oil? Sesame
4%
Belgian buns usually contain which fruit? Sultanas
4%
No matching quizzes found
Score Distribution
Percent of People with Each Score
Percentile by Number Answered
Your Score History
You have not taken this quiz since the last reset